000
00185nam a2200085Ia 4500
008
240331s9999 xx 000 0 und d
082
_b
PUV
245
0
_a
Puvathpath kalaameekshaa
942
_c
L
999
_c
1325
_d
1325